| 000 | 00808nac a22002657a 4500 | ||
|---|---|---|---|
| 001 | BR8804751 | ||
| 003 | BR-BrBNA | ||
| 005 | 20240105120809.0 | ||
| 008 | 230509b bl.|||m| |||| 00| 0 por d | ||
| 040 |
_aBR-BrBNA _bpor _cBiblioteca Nacional de Agricultura |
||
| 072 | _aF01; F60 | ||
| 090 | _a2480 BR8804751 | ||
| 100 | 1 | _aConduru Neto, J.M.H. | |
| 245 | 1 | _aFatores limitantes e parametros fisiologicos da producao da Seringueira [Belem, Para, Brasil] | |
| 260 | 3 |
_aBelem, PA (Brasil): _c1987. |
|
| 300 | _a20 p. | ||
| 490 |
_aFCAP. Informe Tecnico (Brazil) _vno. 10 _x |
||
| 500 | _a4 tables; 23 ref.; Summaries (En, Pt) | ||
| 650 | _aSERINGUEIRA | ||
| 650 | _aLATEX | ||
| 650 | _aFOTOSSINTESE | ||
| 650 | _aPARA | ||
| 909 |
_a202312 _bLúcia Elande _c55 _dLúcia Elande |
||
| 942 |
_2AGRIS _n0 _cMS |
||
| 999 |
_c281467 _d281467 |
||